000 01381nam a2200289 i 4500
001 128946
003 ES-MaACL
005 20250910213919.0
007 t|
008 070531s1963 sp ||||1| spa d
080 _a821.111(417)-2"18"/19"(082.2)
245 0 0 _aTeatro irlandés contemporáneo /
_ctraducciones del inglés por Luis Escolar, Isabel Gil de Ramales, Amando Lázaro Ros, Charles David Ley, Juan Martín y Victor Sánchez de Zavala ; prólogo de Charles David Ley.
260 _aMadrid :
_bAguilar,
_c[1963]
300 _a378 p. :
_bil. ;
_c20 cm.
490 1 _aColección Teatro Contemporaneo
505 8 _aContiene: La condesa Catalina / W.B. Yeats.-- El saltimbanqui del mundo occidental / J.M. Synge.-- A la salida de la luna / Lady Gregory.-- Una noche en la posada / Lord Dunsany.-- Juno y el pavo real / Sean O'Casey.-- La luna en el río amarillo / Denis Johnston
700 1 _aEscolar, Luis.
_947603
700 1 _aGil de Ramales, Isabel.
_956799
700 1 _aLázaro Ros, Amando.
_970807
700 1 _aLey, Charles David,
_d1913-1996
_972088
700 1 _aMartín, Juan.
_977330
700 1 _aSánchez de Zavala, Víctor,
_d1926-1996
_9102601
700 1 _aLey, Charles David,
_d1913-1996
_972088
830 0 0 _aColección teatro contemporáneo (Aguilar)
_9219312
852 _aES-MaACL
_jC-24910
_bR.53605
999 _c128946
_d128946